| 000 | 00595nam a2200277Ia 4500 | ||
|---|---|---|---|
| 001 | Z_4648 | ||
| 003 | CHAP | ||
| 008 | 220113s1973 xx 000 0 und d | ||
| 010 | _a167723 | ||
| 040 | _cCHAP | ||
| 082 | _a591.842 G7 | ||
| 100 |
_aGreep, Roy O _9141987 |
||
| 245 |
_aHistology / _cpor Roy O Greep and Leon Weiss |
||
| 260 |
_aNew York : _bMc Graw-Hill, _c1973 |
||
| 300 | _a1044 p. | ||
| 440 | _a | ||
| 500 | _a | ||
| 503 | _a | ||
| 650 |
_aHistologĂa _955591 |
||
| 901 | _a591.842 G7 | ||
| 902 | _aA | ||
| 910 | _a1973 | ||
| 942 | _c1 | ||
| 942 | _cc1 | ||
| 999 |
_c167723 _d167723 |
||